000 01088cam a22003377a 4500
003 CHAP
005 20220329134746.0
008 971013s1985 r 00010 d
010 _a25382
011 _a26354
035 _a30455
040 _cCHAP
082 _a581.87
_bB7
100 0 0 _aBryant, J. A.
_eed.
_915836
245 1 4 _aThe cell division cycle in plants
260 _aCambridge :
_bCambridge University,
_c1985
300 _a258 p.
_b: ilus. ; gráfs.
490 0 _aSeminar series
_v; 26
590 _aBATCH-UPD
_b10
_c20130110
_lUCH01
_h1050
590 _aBATCH-UPD
_b10
_c20130409
_lUCH01
_h2108
590 _aBATCH-UPD
_b10
_c20130410
_lUCH01
_h0646
590 _aBATCH-UPD
_b10
_c20130914
_lUCH01
_h0754
590 _aCONVERSION
_b10
_c20130109
_lUCH01
_h1315
650 1 4 _aCitología e histología vegetales.
_923495
650 1 4 _aDivisión celular (Biología)
_933029
700 0 _aFrancis, D.
_eed.
_942923
830 0 _aSeminar series
_v; 26
_9103974
901 _aBK
942 _cLIBRO
949 _a581.87 B7
_bBC
_cLIBRO
_d33724000917373
_eLIBRO
_gI. 125710
_h65746
_i30455
_si
999 _c25382
_d25382